Trust Law and Practice / (Record no. 3036)

MARC details
000 -LEADER
fixed length control field 00420nam a22001577a 4500
005 - DATE AND TIME OF INPUT
control field 20240910105620.0
008 - DATA ELEMENTS--GENERAL INFORMATION
fixed length control field 240910b |||||||| |||| 00| 0 eng d
041 ## - LANGUAGE CODE
Language code of text English
082 ## - SHELF NUMBER
DDC number 346.5 OLI
100 ## - MAIN AUTHOR
Language of a work English
245 ## - TITLE STATEMENT
Title Trust Law and Practice /
Statement of responsibility, etc. PA Olivier
250 ## - EDITION STATEMENT
Edition statement First Edition
300 ## - PHYSICAL DESCRIPTION
Other physical details 320 pages;
Dimensions 25 cm.
650 ## - SUBJECT`
Broad subject legal practice
Own subject terms Law
942 ## - ADDED ENTRY ELEMENTS (KOHA)
Item type Books
942 ## - ADDED ENTRY ELEMENTS (KOHA)
-- ALISON_BN_VRIES
Holdings
Source of classification or shelving scheme Not for loan Home library Current library Shelving location Date acquired Full call number Barcode Price effective from Koha item type
Dewey Decimal Classification   LAW SOCIETY OF NAMIBIA LIBRARY - WINDHOEK LAW SOCIETY OF NAMIBIA LIBRARY - WINDHOEK Administration and estates, wills 09/10/2024 346.5 OLI LSN/2024/26 09/10/2024 Books